[Event "Barra de Sao Miguel op"]
[Site "Barra de Sao Miguel"]
[Date "2019.10.11"]
[Round "3"]
[White "Lins, Louis Carlos Barret"]
[Black "Da Silva, Maycon Tenorio"]
[Result "1-0"]
[WhiteElo "1924"]
[BlackElo "1800"]
[PlyCount "31"]
[EventDate "2019.10.10"]
[EventType "swiss"]
[EventRounds "7"]
[EventCountry "BRA"]
[SourceTitle "CBM 192 Extra"]
[Source "Chessbase"]
[SourceDate "2019.11.06"]
[SourceVersion "1"]
[SourceVersionDate "2019.11.06"]
[SourceQuality "1"]

1. d4 Nf6 2. Nf3 g6 3. Nc3 Bg7 4. e4 d5 5. Bd3 Bg4 6. e5 Ne4 7. Nxe4 dxe4 8. Bxe4 c6 9. c3 0-0 10. h3 Be6 11. 0-0 Bc4 12. Re1 Bd5 13. Bd3 Nd7 14. c4 Bxf3 15. Qxf3 b6 16. Qxc6 1-0

[Event "Recife Arraes Memorial 6th"]
[Site "Recife"]
[Date "2013.06.07"]
[Round "2"]
[White "Lins, Louis Carlos Barret"]
[Black "Ferreira, Alexander da Silva"]
[Result "1-0"]
[WhiteElo "1756"]
[BlackElo "1732"]
[PlyCount "59"]
[EventDate "2013.06.06"]
[EventType "swiss"]
[EventRounds "7"]
[EventCountry "BRA"]
[SourceTitle "EXT 2014"]
[Source "ChessBase"]
[SourceDate "2013.11.20"]
[SourceVersion "1"]
[SourceVersionDate "2013.11.20"]
[SourceQuality "1"]

1. d4 d6 2. Bf4 g6 3. Nf3 Nf6 4. e3 Bg7 5. h3 0-0 6. Nbd2 b6 7. Bd3 Bb7 8. Qe2 Re8 9. e4 Nbd7 10. e5 dxe5 11. dxe5 Nd5 12. Bg3 e6 13. a3 Ne7 14. Bh4 Qc8 15. c3 Nf5 16. Bg5 Nc5 17. Bc4 h6 18. Bf4 Rd8 19. g4 Ne7 20. b4 Na4 21. Qe3 Nd5 22. Bxd5 Bxd5 23. Bxh6 Bxh6 24. Qxh6 Bxf3 25. Nxf3 Nxc3 26. Ng5 Qd7 27. 0-0 Nd5 28. Rad1 c6 29. Rxd5 cxd5 30. Nh7 1-0